[Event "Under 1300 knightworm78 Invitational #5"]
[Site "SchemingMind.com"]
[Date "2019.07.30"]
[Round "-"]
[White "Martin E. Hardwick"]
[Black "im_cincinnati_kid37"]
[Result "1-0"]
[WhiteCountry "ENG"]
[BlackCountry "USA"]
[WhiteElo "1249"]
[WhiteRD "74"]
[BlackElo "1236"]
[BlackRD "81"]
[GameID "444215"]

1. d4 Nf6 2. Nf3 d5 3. e3 Bg4 4. Be2 e6 5. a3 Be7 6. O-O c6 7. c4 Qc7 8. cxd5 exd5 9. Nbd2 Bd6 10. Re1 Bxf3
11. Nxf3 Ng4 12. g3 O-O 13. h3 Nf6 14. Bd3 Nbd7 15. Qc2 Bxg3 16. fxg3 Qxg3+ 17. Kh1 Qxf3+ 18. Kg1 Qg3+ 19. Kh1 Qxe1+ 20. Kh2 Qa5
21. Bd2 Qd8 22. Rg1 Ne4 23. Bxe4 dxe4 24. Qxe4 Nf6 25. Qg2 Qd6+ 26. Kh1 Rae8 27. Qxg7#
1-0

[Event "Under 1300 knightworm78 Invitational #5"]
[Site "SchemingMind.com"]
[Date "2019.07.30"]
[Round "-"]
[White "Martin E. Hardwick"]
[Black "malcolm chugg"]
[Result "1-0"]
[WhiteCountry "ENG"]
[BlackCountry "WLS"]
[WhiteElo "1249"]
[WhiteRD "74"]
[BlackElo "1253"]
[BlackRD "53"]
[GameID "444216"]

1. d4 d5 2. Nf3 Bg4 3. e3 Nc6 4. Bb5 Qd6 5. a3 a6 6. Be2 f6 7. Nbd2 b6 8. O-O e5 9. dxe5 fxe5 10. e4 Nd4
11. Nxd4 Bxe2 12. Nxe2 dxe4 13. Nxe4 Qc6 14. N4c3 Bd6 15. Ng3 g6 16. Nge4 Be7 17. Bg5 Bxg5 18. Nxg5 Nf6 19. h3 Qd6 20. Qxd6 cxd6
21. Rfd1 Rd8 22. Ne6 Rd7 23. Ng5 h6 24. Nge4 Rf8 25. Rxd6 Rxd6 26. Nxd6+ Ke7 27. Nde4 g5 28. Nxf6 Rxf6 29. Nd5+
1-0

[Event "Under 1300 knightworm78 Invitational #5"]
[Site "SchemingMind.com"]
[Date "2019.07.31"]
[Round "-"]
[White "Brian Morris"]
[Black "Martin E. Hardwick"]
[Result "0-1"]
[WhiteCountry "WLS"]
[BlackCountry "ENG"]
[WhiteElo "1019"]
[WhiteRD "105"]
[BlackElo "1311"]
[BlackRD "75"]
[GameID "444217"]

1. d4 d5 2. Nc3 Nf6 3. Nf3 e6 4. a3 Be7 5. e3 O-O 6. Be2 a6 7. h3 Nbd7 8. O-O c6 9. b4 c5 10. dxc5 Ne4
11. Qd3 Ndf6 12. Bb2 Bd7 13. Qd4 Re8 14. Nd2 Nxc3 15. Qxc3 Bb5 16. Bxb5 axb5 17. Qd3 Qd7 18. f3 Rec8 19. Nb3 b6 20. cxb6 Qb7
21. Bd4 Rc4 22. Na5 Rxa5 23. bxa5 Bc5 24. Be5 Ra4 25. Qxb5 Rc4 26. Qb2 Bxe3+ 27. Kh2 Rc8 28. Qb3 d4 29. g4 Rc3 30. Qb2 Rc4
31. a6 Qxa6 32. Kh1 Qb7 33. a4 Rc5 34. Bg3 d3 35. cxd3 Rc6 36. a5 Bxb6 37. a6 Qa7 38. Be5 Rc8 39. Bg3 Bd4 40. Qb7 Ra8
41. Rab1 h6 42. Rfc1 Qxa6 43. Rc7 Qa7 44. Rc8+ Rxc8 45. Qxc8+ Kh7 46. Qc2 Nd5 47. h4 Ne3 48. Qd2 Qa8 49. Qf2 Qa6 50. Bf4 Qxd3
51. Qg2 Nxg2 52. Kxg2 Qxb1
0-1

[Event "Under 1300 knightworm78 Invitational #5"]
[Site "SchemingMind.com"]
[Date "2019.07.30"]
[Round "-"]
[White "wight knight"]
[Black "Martin E. Hardwick"]
[Result "0-1"]
[WhiteCountry "ENG"]
[BlackCountry "ENG"]
[WhiteElo "1220"]
[WhiteRD "64"]
[BlackElo "1249"]
[BlackRD "74"]
[GameID "444218"]

1. e4 e5 2. Bc4 d6 3. Qf3 Be6 4. Bxe6 fxe6 5. d3 Nf6 6. Bg5 Be7 7. h4 d5 8. Bxf6 Bxf6 9. g4 Bxh4 10. Nc3 d4
11. Nh3 dxc3 12. bxc3 Qf6 13. Qxf6 Bxf6 14. g5 Be7 15. O-O-O Nc6 16. f4 exf4 17. Nxf4 Bxg5 18. Rhf1 Rf8 19. Kb1 Rxf4 20. Rh1 h6
21. a4 Ne5 22. d4 Nc4 23. e5 Ne3 24. Rd3 Rf1+ 25. Rxf1 Nxf1 26. Rf3 Nd2+
0-1

[Event "Under 1300 knightworm78 Invitational #5"]
[Site "SchemingMind.com"]
[Date "2019.07.30"]
[Round "-"]
[White "malcolm chugg"]
[Black "im_cincinnati_kid37"]
[Result "0-1"]
[WhiteCountry "WLS"]
[BlackCountry "USA"]
[WhiteElo "1253"]
[WhiteRD "53"]
[BlackElo "1236"]
[BlackRD "81"]
[GameID "444219"]

1. f4 f5 2. e4 fxe4 3. d4 d5 4. c4 c6 5. c5 Nf6 6. Bd2 Bg4 7. Be2 Bxe2 8. Nxe2 Nbd7 9. Qb3 Rb8 10. Bb4 a6
11. Qc3 Qc8 12. Qh3 g6 13. O-O Bg7 14. g4 e3 15. g5 Ne4 16. Rd1 b6 17. cxb6 Rxb6 18. Ba3 O-O 19. Bxe7 Re8 20. Ba3 Qc7
21. Rd3 Reb8 22. Qxe3 Rb5 23. Nec3 R5b7 24. Nxe4 dxe4 25. Rb3 Rxb3 26. axb3 Qb6 27. Nd2 Bxd4 28. Nc4 Bxe3+
0-1

[Event "Under 1300 knightworm78 Invitational #5"]
[Site "SchemingMind.com"]
[Date "2019.07.30"]
[Round "-"]
[White "wight knight"]
[Black "malcolm chugg"]
[Result "1-0"]
[WhiteCountry "ENG"]
[BlackCountry "WLS"]
[WhiteElo "1220"]
[WhiteRD "64"]
[BlackElo "1253"]
[BlackRD "53"]
[GameID "444220"]

1. e4 b6 2. Qf3 Bb7 3. Bc4 e6 4. b3 f6 5. d4 Bb4+ 6. c3 Bd6 7. Ba3 c5 8. dxc5 bxc5 9. b4 Qb6 10. bxc5 Bxc5
11. Bxc5 Qxc5 12. Nd2 Nc6 13. Ne2 g5 14. Qe3 Qxe3 15. fxe3 Na5 16. O-O Nxc4 17. Nxc4 Bxe4 18. Nd6+ Ke7 19. Nxe4 Rb8 20. Rab1 h6
21. Rxb8 f5 22. Nc5 Kd6 23. Nd3 Ke7 24. Rfb1 Kf7 25. R1b7 Ke7 26. Rxa7 h5 27. Raa8 Kf7 28. Ne5+ Kg7 29. Nxd7 h4 30. h3 Kf7
31. Rf8+ Kg7 32. Nf6 e5 33. Nxg8 Rxg8 34. Rxg8+ Kf6 35. Ra6+ Kf7 36. Rb8 Ke7 37. Rb7+
1-0

[Event "Under 1300 knightworm78 Invitational #5"]
[Site "SchemingMind.com"]
[Date "2019.07.31"]
[Round "-"]
[White "im_cincinnati_kid37"]
[Black "James Reed"]
[Result "1-0"]
[WhiteCountry "USA"]
[BlackCountry "ENG"]
[WhiteElo "1208"]
[WhiteRD "75"]
[BlackElo "1281"]
[BlackRD "83"]
[GameID "444221"]

1. e4 c5 2. Nf3 Nc6 3. d4 cxd4 4. Nxd4 e5 5. Nxc6 bxc6 6. g3 Nf6 7. Bd2 h6 8. h3 Bc5 9. Bd3 O-O 10. Nc3 Qe7
11. Qe2 d6 12. g4 Re8 13. g5 Nd7 14. gxh6 Nf6 15. O-O-O Rb8 16. Kb1 Nh7 17. Rhg1 Qf6 18. Be3 Bxe3 19. fxe3 g6 20. Qh2 Qh4
21. Bf1 Qe7 22. Bg2 Qg5 23. Rde1 Qxh6 24. Rgf1 a6 25. a3 c5 26. Nd5 Be6 27. Nf6+ Nxf6 28. Rxf6 Qg7 29. Rff1 Bc4 30. Rf2 Be6
31. h4 a5 32. Rd1 Red8 33. Rfd2 Bg4 34. Re1 f6 35. Qg3 Be6 36. Red1 Rb6 37. Bf1 Kf7 38. c3 a4 39. Rc2 Rbb8 40. Rdd2 Qh6
41. Rd3 d5 42. exd5 Bxd5 43. c4 Be4 44. Qf2 Bxd3 45. Bxd3 Rxd3 46. Re2 Rxa3 47. Kc2 Ra2 48. Kc1 Rb4 49. Kb1 Ra3 50. Qe1 Rxc4
51. bxa3 Rxh4 52. Qa5 Rh2 53. Rxh2 Qxh2 54. Qc7+ Kg8 55. Qxc5 Qg1+ 56. Kb2 Qg2+ 57. Kb1 Qe4+ 58. Kb2 g5 59. Qc8+ Kh7 60. Qc2 Kh6
61. Qxe4 Kh5 62. Qf5
1-0

[Event "Under 1300 knightworm78 Invitational #5"]
[Site "SchemingMind.com"]
[Date "2019.07.30"]
[Round "-"]
[White "Martin E. Hardwick"]
[Black "James Reed"]
[Result "1-0"]
[WhiteCountry "ENG"]
[BlackCountry "ENG"]
[WhiteElo "1275"]
[WhiteRD "77"]
[BlackElo "1255"]
[BlackRD "84"]
[GameID "444222"]

1. d4 Nf6 2. Nf3 g6 3. Nc3 Bg7 4. e3 a6 5. Bd3 d5 6. O-O Nc6 7. Re1 Bg4 8. Be2 Bxf3 9. Bxf3 Qd7 10. e4 O-O-O
11. e5 Ne4 12. Nxe4 dxe4 13. Bxe4 e6 14. Bxc6 Qxc6 15. Bf4 Kb8 16. Rc1 f5 17. Bg5 Rde8 18. Bf6 Bxf6 19. exf6 Qd7 20. d5 exd5
21. Rxe8+ Rxe8 22. Kf1 Rf8 23. Qd4 h6 24. Rd1 Rxf6 25. Qxf6 Qb5+ 26. Ke1 Qb4+ 27. Qc3 Qe4+ 28. Qe3 Qb4+ 29. Qc3 Qe4+ 30. Qe3 Qxg2
31. Kd2 Qxh2 32. Kc1 h5 33. Qe8+ Ka7 34. Qe3+ b6 35. Kb1 Kb7 36. Qg3 Qxg3 37. fxg3 g5 38. Rxd5 f4 39. Rxg5 f3 40. Rf5 Kc6
41. Rxf3 b5 42. Rf5 a5 43. Rxh5
1-0

[Event "Under 1300 knightworm78 Invitational #5"]
[Site "SchemingMind.com"]
[Date "2019.07.30"]
[Round "-"]
[White "malcolm chugg"]
[Black "James Reed"]
[Result "1-0"]
[WhiteCountry "WLS"]
[BlackCountry "ENG"]
[WhiteElo "1270"]
[WhiteRD "58"]
[BlackElo "1255"]
[BlackRD "84"]
[GameID "444223"]

1. Nf3 Nf6 2. e3 g6 3. d4 Bg7 4. Bb5 a6 5. Bc4 e6 6. c3 Nc6 7. b4 Ne4 8. Nfd2 d5 9. Bd3 Nxd2 10. Bxd2 Qd7
11. e4 O-O 12. c4 Bxd4 13. Bc3 Qd6 14. Qd2 e5 15. O-O Bxc3 16. Qxc3 Nxb4 17. exd5 b6 18. Nd2 Nxd3 19. Qxd3 Bf5 20. Qe3 Rfe8
21. Nf3 f6 22. Nh4 Bd7 23. g3 g5 24. Nf3 Bf5 25. h4 Qe7 26. Rfd1 Qd6 27. hxg5 e4 28. Nd4 Bg4 29. Rdb1 Rab8 30. Ne2 Bxe2
31. Qxe2 Qc5 32. gxf6 Qf8 33. Qe3 Qxf6 34. Rd1 Rbd8 35. Rd4 b5 36. c5 a5 37. Rad1 a4 38. Rxe4 Rxe4 39. Qxe4 c6 40. d6 Qf7
41. Qxc6 Qxa2 42. Qxb5 a3 43. Qb6 Qc2 44. Qxd8+ Kg7 45. Qg5+ Kh8 46. Qf6+ Kg8 47. Qd4 a2 48. Qa1 h6 49. d7 Qxc5 50. d8=Q+ Kh7
51. Qdh8+ Kg6 52. Qhg7+ Kh5 53. Qae5+ Qxe5 54. Qxe5+ Kg6 55. Rd6+ Kf7 56. Rf6+ Kg7 57. Ra6+
1-0

[Event "Under 1300 knightworm78 Invitational #5"]
[Site "SchemingMind.com"]
[Date "2019.07.30"]
[Round "-"]
[White "James Reed"]
[Black "Brian Morris"]
[Result "1-0"]
[WhiteCountry "ENG"]
[BlackCountry "WLS"]
[WhiteElo "1281"]
[WhiteRD "83"]
[BlackElo "1019"]
[BlackRD "105"]
[GameID "444224"]

1. e4 e5 2. Nf3 Bd6 3. Nc3 c6 4. Bc4 Qe7 5. a3 b5 6. Bb3 h6 7. O-O Nf6 8. h3 O-O 9. d3 Bb7 10. Re1 Na6
11. Be3 Nc5 12. Bxc5 Bxc5 13. Qd2 Nh5 14. Ne2 Bb6 15. Ba2 a5 16. Qc3 d6 17. Red1 Nf4 18. Nxf4 Qf6 19. Nh5 Qg6 20. Ng3 a4
21. b4 Rac8 22. Nh4 Bd4 23. Qd2 Qg5 24. Qxg5 hxg5 25. Nhf5 Bxa1 26. Rxa1 Kh8 27. c3 g6 28. Nxd6 Rb8 29. Bxf7 Ba6 30. Bxg6 Rf6
31. Nf7+ Kg7 32. Bh5 Bc8 33. Nxg5 Bb7 34. Nf3 Rd6 35. Nf5+ Kf6 36. Nxd6 Ba6 37. d4 exd4 38. Nxd4 Rh8 39. Be2 Rd8 40. N6xb5 cxb5
41. Nxb5 Bb7 42. f3 Rd2 43. Bc4 Ke5 44. Nc7 Rd7 45. Nb5 Ba6 46. h4 Rh7 47. g3 Rg7 48. Kg2 Re7 49. Rd1 Re8 50. Rd5+ Kf6
51. Nc7 Rc8 52. Bxa6 Rxc7 53. c4 Ra7 54. Bb5 Ke6 55. Rh5 Ra8 56. c5
1-0

[Event "Under 1300 knightworm78 Invitational #5"]
[Site "SchemingMind.com"]
[Date "2019.07.30"]
[Round "-"]
[White "James Reed"]
[Black "wight knight"]
[Result "0-1"]
[WhiteCountry "ENG"]
[BlackCountry "ENG"]
[WhiteElo "1293"]
[WhiteRD "82"]
[BlackElo "1220"]
[BlackRD "64"]
[GameID "444225"]

1. e4 e5 2. Nf3 f6 3. Nc3 c6 4. a3 Bc5 5. Bc4 b5 6. Nxb5 cxb5 7. Bxb5 Ba6 8. Bxa6 Nxa6 9. d3 Qb6 10. d4 exd4
11. O-O O-O-O 12. Re1 Re8 13. b3 Nh6 14. h3 Nc7 15. Nd2 d5 16. Bb2 f5 17. e5 d3 18. cxd3 Bxf2+ 19. Kh1 Bxe1 20. Qxe1 Ne6
21. g3 f4 22. Nf3 Nf5 23. g4 Ng3+ 24. Kg2 Qxb3 25. Qc1+ Kd7 26. Qc3 Qxc3 27. Bxc3 d4 28. Nxd4 Nxd4 29. Bxd4 Rc8 30. Bxa7 Rc2+
31. Kf3 Rc3 32. Kxf4 Rxd3 33. a4 h6 34. a5 Rf8#
0-1

[Event "Under 1300 knightworm78 Invitational #5"]
[Site "SchemingMind.com"]
[Date "2019.08.04"]
[Round "-"]
[White "im_cincinnati_kid37"]
[Black "Brian Morris"]
[Result "1-0"]
[WhiteCountry "USA"]
[BlackCountry "WLS"]
[WhiteElo "1228"]
[WhiteRD "82"]
[BlackElo "1079"]
[BlackRD "116"]
[GameID "444226"]

1. e4 e5 2. Nf3 d6 3. d4 Nc6 4. Bb5 Bd7 5. Nc3 Nge7 6. d5 Na5 7. Bxd7+ Qxd7 8. O-O c6 9. Be3 h6 10. Qd3 a6
11. b4 c5 12. bxa5
1-0

[Event "Under 1300 knightworm78 Invitational #5"]
[Site "SchemingMind.com"]
[Date "2019.07.30"]
[Round "-"]
[White "malcolm chugg"]
[Black "Brian Morris"]
[Result "1-0"]
[WhiteCountry "WLS"]
[BlackCountry "WLS"]
[WhiteElo "1220"]
[WhiteRD "55"]
[BlackElo "1019"]
[BlackRD "105"]
[GameID "444227"]

1. f4 e6 2. Nf3 Nf6 3. d3 Bd6 4. e4 Ng8 5. Ng5 Qe7 6. Bd2 h6 7. Nf3 a6 8. Bc3 f6 9. e5 Bc5 10. d4 Bb4
11. Nh4 Bxc3+ 12. Nxc3 Qf7 13. Qg4 Ne7 14. O-O-O h5 15. Qe2 f5 16. h3 Nbc6 17. a3 Ng6 18. Nxg6 Qxg6 19. d5 Ne7 20. d6 Nd5
21. Nxd5 Kf8 22. Nb4 c6 23. Qf3 a5 24. Nd3 Qe8 25. Be2 b6 26. b4 axb4 27. Nxb4 c5 28. Qxa8 cxb4 29. axb4 Kg8 30. Ba6 Qf8
31. Qxc8 Kh7 32. Qxf8 Rxf8 33. Be2 Ra8 34. Bb5 Ra1+ 35. Kb2 Ra7 36. Ra1 Rb7 37. Ra6 Rb8 38. Bxd7 b5 39. Bxe6 Rf8 40. Rb6 Re8
41. Bxf5+ Kh8 42. Bd7 Rg8 43. Rxb5 Rf8 44. e6 Rd8 45. Rc5 Kh7 46. e7
1-0

[Event "Under 1300 knightworm78 Invitational #5"]
[Site "SchemingMind.com"]
[Date "2019.08.04"]
[Round "-"]
[White "Brian Morris"]
[Black "wight knight"]
[Result "0-1"]
[WhiteCountry "WLS"]
[BlackCountry "ENG"]
[WhiteElo "1019"]
[WhiteRD "105"]
[BlackElo "1266"]
[BlackRD "58"]
[GameID "444228"]

1. e4 e5 2. Nf3 f6 3. a3 Bc5 4. Qe2 b6 5. b4 Bd6 6. Nc3 c6 7. Nh4 h5 8. Nf5 g6 9. Qd3 Bf8 10. Nh4 Rh6
11. Qg3 Ne7 12. d3 Bb7 13. Bxh6 Bxh6 14. Nxg6 h4 15. Qg4 Kf7 16. Qh5 Nxg6 17. Qxh6 Na6 18. Be2 Qh8 19. Qe3 Nf4 20. Bf3 h3
21. O-O-O hxg2 22. Bxg2 Nxg2 23. Qg3 Nf4 24. Qg4 Bc8 25. Rhg1 d5 26. Qf3 c5 27. bxc5 Nxc5 28. Nb5 Ba6 29. Nd6+ Ke6 30. Nf5 dxe4
31. dxe4 Be2 32. Qg4 Bxg4 33. Rxg4 Nxe4 34. Re1 Nxf2 35. Ng7+ Kf7 36. Rg3 Qxh2 37. Rgg1 Ng6 38. Nf5 Nh4 39. Nd6+ Ke6 40. Nc4 Nf3
41. Kb2 Nxg1 42. Nd2 Rd8 43. Nf1 Qf4 44. Ne3 Qd4+ 45. c3 Nd3+ 46. Kb3 Nc5+ 47. Kc2 Qd2+ 48. Kb1 Qxe1+
0-1

[Event "Under 1300 knightworm78 Invitational #5"]
[Site "SchemingMind.com"]
[Date "2019.07.30"]
[Round "-"]
[White "Chessibelle"]
[Black "im_cincinnati_kid37"]
[Result "1-0"]
[WhiteCountry "ENG"]
[BlackCountry "USA"]
[WhiteElo "1145"]
[WhiteRD "58"]
[BlackElo "1236"]
[BlackRD "81"]
[GameID "444229"]

1. Nf3 Nf6 2. d4 e6 3. Bd2 b6 4. e3 Ne4 5. Bc1 Nf6 6. Be2 Bb7 7. O-O d5 8. Nc3 g6 9. g3 Bg7 10. a3 a6
11. b4 b5 12. Ne5 O-O 13. Bf3 Nbd7 14. Ne2 Nxe5 15. dxe5 Nd7 16. Rb1 Bxe5 17. Qd2 Nf6 18. c3 Rb8 19. Bb2 c6 20. Bg2 Qc7
21. f4 Bd6 22. c4 bxc4 23. Qc3 Be7 24. h3 Rbd8 25. Nd4 Kg7 26. Qe1 Ra8 27. g4 a5 28. Qh4 axb4 29. axb4 Bxb4 30. Nf3 Be7
31. g5 Qd8 32. Qh6+ Kg8 33. Qh4 Nh5 34. Qf2 Re8 35. Ne5 Ba6 36. Rfe1 Bb7 37. Qd2 Rb8 38. Qd4 Ng3 39. Nxf7 Kxf7 40. Qg7#
1-0

[Event "Under 1300 knightworm78 Invitational #5"]
[Site "SchemingMind.com"]
[Date "2019.07.30"]
[Round "-"]
[White "Chessibelle"]
[Black "Martin E. Hardwick"]
[Result "1-0"]
[WhiteCountry "ENG"]
[BlackCountry "ENG"]
[WhiteElo "1145"]
[WhiteRD "58"]
[BlackElo "1249"]
[BlackRD "74"]
[GameID "444230"]

1. Nf3 e6 2. d4 d5 3. Bd2 h6 4. g3 c6 5. Nc3 Nf6 6. Bg2 Bb4 7. O-O Bd6 8. a3 Qc7 9. b4 Nbd7 10. e3 Ne4
11. Be1 Ndf6 12. Ne2 Nh5 13. Nd2 Nexg3 14. fxg3 Bxg3 15. Nxg3 Nxg3 16. Bxg3 Qb6 17. Qg4 O-O 18. Be5 f6 19. Bf4 g5 20. Bd6 Bd7
21. Qh5 Rfd8 22. Qg6+ Kh8 23. Qxf6+ Kg8 24. Qg6+ Kh8 25. Rf7 Rg8 26. Qh7#
1-0

[Event "Under 1300 knightworm78 Invitational #5"]
[Site "SchemingMind.com"]
[Date "2019.07.30"]
[Round "-"]
[White "Chessibelle"]
[Black "malcolm chugg"]
[Result "0-1"]
[WhiteCountry "ENG"]
[BlackCountry "WLS"]
[WhiteElo "1145"]
[WhiteRD "58"]
[BlackElo "1253"]
[BlackRD "53"]
[GameID "444231"]

1. Nf3 Nf6 2. d4 d5 3. g3 Bg4 4. Bg2 Nc6 5. O-O Qd7 6. Nc3 O-O-O 7. e3 h6 8. a3 e6 9. b4 Kb8 10. Qd3 Re8
11. Qb5 a6 12. Qd3 Bf5 13. Qd2 e5 14. Na4 b5 15. Nc5 Bxc5 16. dxc5 e4 17. Nd4 Nxd4 18. exd4 c6 19. Qf4+ Ka7 20. f3 Re7
21. c3 Nh5 22. Qe3 Bh3 23. Qe2 exf3 24. Qxf3 Bg4 25. Qd3 Be2 26. Qd2 Bxf1 27. Bxf1 Nf6 28. Bg2 Rhe8 29. Bb2 Re6 30. h4 Ne4
31. Qe1 Nf6 32. Qf2 Re2 33. Qf1 Qe7 34. Kh2 Re1 35. Qf2 Ng4+
0-1

[Event "Under 1300 knightworm78 Invitational #5"]
[Site "SchemingMind.com"]
[Date "2019.07.30"]
[Round "-"]
[White "James Reed"]
[Black "Chessibelle"]
[Result "1-0"]
[WhiteCountry "ENG"]
[BlackCountry "ENG"]
[WhiteElo "1293"]
[WhiteRD "82"]
[BlackElo "1145"]
[BlackRD "58"]
[GameID "444232"]

1. e4 e5 2. Nf3 Nc6 3. Nc3 Nf6 4. a3 b6 5. h3 g6 6. Bc4 Qe7 7. d3 h6 8. Be3 Bg7 9. Qd2 d6 10. O-O-O Nd7
11. Nd5 Qd8 12. Kb1 O-O 13. g3 a6 14. h4 h5 15. Bh6 f6 16. Nxc7+ Kh8 17. Nxa8 Bb7 18. Nxb6 Qxb6 19. Be6 Nc5 20. Bxg7+ Kxg7
21. Bd5 Na4 22. b3 Rb8 23. Ka2 Nd4 24. Nxd4 exd4 25. bxa4 Bc8 26. Rb1 Qc7 27. Rxb8 Qxb8 28. Rb1 Qa7 29. Qb4 Qe7 30. Qxd4 Bd7
31. f3 Kh6 32. Qe3+ Kg7 33. Bb3 g5 34. Rg1 Qe8 35. Qb6 Qe7 36. Qxa6 Kg6 37. f4 Kh6 38. f5 Qg7 39. Qxd6 gxh4 40. a5 Be8
41. Qf4+ Kh7 42. Qxh4 Kh8 43. Rh1 Qh6 44. a6 Kg7 45. a7 Bc6 46. g4 Kf8 47. Qxh5 Qd2 48. Qf7#
1-0

[Event "Under 1300 knightworm78 Invitational #5"]
[Site "SchemingMind.com"]
[Date "2019.07.30"]
[Round "-"]
[White "wight knight"]
[Black "Chessibelle"]
[Result "1-0"]
[WhiteCountry "ENG"]
[BlackCountry "ENG"]
[WhiteElo "1220"]
[WhiteRD "64"]
[BlackElo "1145"]
[BlackRD "58"]
[GameID "444234"]

1. e4 e5 2. Bc4 Nf6 3. f3 g6 4. d3 Be7 5. Bh6 d6 6. Bg7 Rg8 7. Bxf6 Bxf6 8. g3 Bd7 9. Nc3 Nc6 10. Nd5 Bg5
11. h4 Bh6 12. g4 Nd4 13. g5 Bg7 14. Nf6+ Bxf6 15. gxf6 Qxf6 16. c3 Nc6 17. Bb5 Qf4 18. Bxc6 Qg3+ 19. Kf1 Bxc6 20. Rh3 Qf4
21. Ne2 Qf6 22. Ng3 Bd7 23. a4 Bxh3+ 24. Kf2 g5 25. h5 a6 26. a5 b6 27. axb6 cxb6 28. c4 Rc8 29. Rxa6 Qd8 30. Qa4+ Bd7
31. Qb4 Rb8 32. Qxd6 Qc8 33. Qxe5+ Kf8 34. Nf5 Qb7 35. Qe7#
1-0

[Event "Under 1300 knightworm78 Invitational #5"]
[Site "SchemingMind.com"]
[Date "2019.07.31"]
[Round "-"]
[White "im_cincinnati_kid37"]
[Black "wight knight"]
[Result "1-0"]
[WhiteCountry "USA"]
[BlackCountry "ENG"]
[WhiteElo "1236"]
[WhiteRD "81"]
[BlackElo "1220"]
[BlackRD "64"]
[GameID "444235"]

1. e4 e5 2. Nf3 f6 3. Be2 Bc5 4. d3 d6 5. Nbd2 Bg4 6. h3 Bxf3 7. Bxf3 g6 8. a3 Nc6 9. b4 Bb6 10. Nc4 Nd4
11. Nxb6 axb6 12. Be2 Nxe2 13. Qxe2 h5 14. Bb2 f5 15. f3 Qh4+ 16. Kd1 f4 17. d4 O-O-O 18. Kc1 Nf6 19. d5 c6 20. dxc6 bxc6
21. Qa6+ Kd7 22. Qb7+ Ke8 23. Qxc6+ Nd7 24. Qxd6 Qg3 25. Rg1 Qf2 26. Qe6+ Kf8 27. Rd1 Rh7 28. Qd6+ Kg8 29. Qxg6+ Rg7 30. Qc6 Rxg2
31. Bxe5 Qe3+ 32. Kb2 Rd2 33. Qg6+ Kf8 34. Rxd2 Qxd2 35. Bd6+ Qxd6 36. Qxd6+ Ke8 37. Qg6+ Kf8 38. Qxh5 Ke7 39. Qg5+ Kd6 40. Qxd8 b5
41. Rd1+ Kc6 42. Qxd7+
1-0